| 000 | 00596nam a2200205Ii 4500 | ||
|---|---|---|---|
| 003 | JO-AjNU | ||
| 008 | 230606s9999||||xx |||||||||||||| ||und|| | ||
| 020 | _a978-0-06-147427-9 | ||
| 040 |
_aJO-AjNU _beng _erda _cJO-AjNU |
||
| 041 | _aeng | ||
| 050 | 1 | 4 | _aPS3566.A334.B673 2009 |
| 100 | 3 |
_aMysterym,Faith fairchild , _eauthor _92481 |
|
| 245 | 0 | 4 | _aThe Body in The Sleigh: Kathrine Hallpage |
| 264 | 3 | 1 | _aNew York:avon book |
| 300 | _a338p | ||
| 336 |
_atext _btxt _2rdacontent |
||
| 337 |
_aunmediated _bn _2rdamedia |
||
| 338 |
_avolume _bnc _2rdacarrier |
||
| 650 | 4 |
_aNovel-American _92482 |
|
| 999 |
_aE1299 _c1299 _d1299 |
||